Statistics for Ultimate Sidemen General Knowledge

Click here to take the quiz!

General Stats

  • This quiz has been taken 1,443 times
    (1,440 since last reset)
  • The average score is 19 of 39

Answer Stats

HintAnswer% Correct
2)Harry Lewis
100%
7)Ethan Payne
99%
5)Josh Bradley
99%
3)Simon Minter
99%
6)Tobi Lerone
99%
4)Vikram Barn
99%
Sidemen Main Channel Names 1)KSIOlajidebt
98%
Members of the Sidemen 1)Olajide Olatunji
98%
3)Miniminter
94%
4)Vikkstar123
91%
5)Zerkaa
91%
7)Behzinga
90%
6)TBJZL
85%
2)WroetoShaw
79%
KSImon
57%
Cars They Own 1)Lamborghini Aventador
46%
2)Lamborghini Gallardo
46%
3)September 7, 1992
40%
4)Tesla Model S 90D
40%
5)September 4, 1992
37%
6)Audi A3
32%
Their Birthdays (Month Day) 1)June 19, 1993
32%
5)Audi TT
31%
2)November 24, 1996
31%
7)June 20, 1995
29%
Ship Names of the SidemenEmon
27%
3)Range Rover Evoque
27%
6)April 8, 1993
26%
4)August 2, 1995
26%
Minishaw
20%
Minizerk
19%
7)Mercedes A-Class
13%
Ministar123
6%
Minijizzle
5%
Zerkstar123
5%
Behzerkaa
4%
Emosh
4%
Tobstar123
2%
12 years
1%

Score Distribution

Percentile by Number Answered

Percent of People with Each Score

Your Score History

You have not taken this quiz since the last reset